000 00446nam a2200181Ia 4500
001 17734
005 20260306171539.0
008 260306s9999||||xx |||||||||||||| ||und||
041 _aESP
082 _a658.15
_bR84F 2014
100 _aRoss, Stephen A.
_eAUT
245 0 _aFundamentos de finanzas corporativas
260 _c2014
300 _axxxviii, 751 páginas :
_c27 cm.
650 _aGEN
654 _aCAN
942 _cLIB
_dJUS
_fJUS
_2ddc
_n
999 _c17734
_d17734